| 000 | 00557nam a2200145 a 4500 | ||
|---|---|---|---|
| 001 | 000016124 | ||
| 005 | 20200929164301.0 | ||
| 008 | 100226s1924 000 spa d | ||
| 040 |
_aDO-SdBNP _bspa _cBNPHU |
||
| 082 |
_axxxx _bxxxx |
||
| 111 | 2 |
_aConferencia internacional americana de la Secretaría de Estado de Relaciones Exteriores de la República _d(1923 : _cChile _n5: 25 de marzo ) _936118 |
|
| 245 | 1 | 0 | _aMemoria. |
| 260 |
_aSanto Domingo : 1924. : _bSecretaría de Estado de Relaciones Exteriores de la República, _c1924. |
||
| 300 |
_a103 p. ; _c26 cm. |
||
| 999 |
_c15664 _d15664 |
||